| 000 | 01156cam a22003617a 4500 | ||
|---|---|---|---|
| 003 | CHAP | ||
| 005 | 20220329132932.0 | ||
| 008 | 971013s1973 r 00010 d | ||
| 010 | _a397 | ||
| 011 | _a1369 | ||
| 035 | _a545 | ||
| 040 | _cCHAP | ||
| 090 | _aFolleto 12451 | ||
| 100 | 0 | 0 |
_aFrank, Robert M. _943017 |
| 245 | 1 | 2 | _aA silvicultural guide for spruce - fir in the northeast |
| 260 |
_aUpper Darby, Pa. : _bNortheastern Forest Experiment Sation, _c1973 |
||
| 300 | _a29 p. | ||
| 490 | 0 |
_aTechnical report _v; NE-6 |
|
| 501 | _aEnc. con otros impresos similares | ||
| 590 |
_aBATCH-UPD _b10 _c20130110 _lUCH01 _h0123 |
||
| 590 |
_aBATCH-UPD _b10 _c20130110 _lUCH01 _h1427 |
||
| 590 |
_aBATCH-UPD _b10 _c20130410 _lUCH01 _h0906 |
||
| 590 |
_aBATCH-UPD _b10 _c20130914 _lUCH01 _h0641 |
||
| 590 |
_aCONVERSION _b10 _c20130109 _lUCH01 _h1302 |
||
| 650 | 1 | 4 |
_aPinĂ¡ceas _xCrecimiento. _988225 |
| 650 | 1 | 4 |
_aPinĂ¡ceas _xE.U.A. _988227 |
| 650 | 1 | 4 |
_aPinus pseudostrobus. _988361 |
| 700 | 0 |
_aBjorkbom, John C. _912974 |
|
| 830 | 0 |
_aTechnical report _v; NE-6 _9111907 |
|
| 901 | _aBK | ||
| 942 | _cFOLL | ||
| 949 |
_aFolleto 12451 _bBC _cFOLL _d-9997 _eTS1 _i545 _si |
||
| 999 |
_c397 _d397 |
||